Szczegóły MARC21

The NASAGA training activity book /

005 -DATA I CZAS OSTATNIEJ MODYFIKACJI [,]
    • @
    • pole kontrolne
    • 20140522075514.0
020 -Międzynarod. znormalizowany nr książki - ISBN [ , ]
    • a
    • Numer ISBN
    • 9780470607091 Find
020 -Międzynarod. znormalizowany nr książki - ISBN [ , ]
    • a
    • Numer ISBN
    • 9781118329962 (ebk.) Find
020 -Międzynarod. znormalizowany nr książki - ISBN [ , ]
    • a
    • Numer ISBN
    • 9781118332238 (ebk.) Find
020 -Międzynarod. znormalizowany nr książki - ISBN [ , ]
    • a
    • Numer ISBN
    • 9781118332726 (ebk.) Find
040 -Instytucja sporządzająca opis [ , ]
    • a
    • Instytucja, która sporządziła opis (NP)
    • SZCZ U/DL
    • c
    • Instytucja, która sporządziła rekord (NP)
    • SZCZ U/DL
    • d
    • Instytucja, która zmodyfikowała rekord (P)
    • SZCZ U/ML
041 -Język dokumentu [0, ]
    • a
    • Język tekstu (P)
    • angielski
044 -Kraj miejsca wydania [ , ]
    • a
    • Kraj miejsca wydania
    • USA
942 -Rodzaj dokumentu [ , ]
    • c
    • Rodzaj dokumentu
    • Książka
110 -Hasło główne - nazwa ciała zbiorowego [2, ]
    • 9
    • KHW
    • 70800
    • a
    • Nazwa ciała zbiorowego lub nazwa geograficzna jako pierwszy element (NP)
    • North American Simulation and Gaming Association. Find
245 -Strefa tytułu i oznaczenia odpowiedzialności [1,4]
    • a
    • Tytuł
    • The NASAGA training activity book / Find
    • c
    • Pozostałe elementy strefy tytułu i oznaczenia odpowiedzialności (NP)
    • North American Simulation and Gaming Association ; senior ed. Judith M. Blohm ; associate eds. Jan H. G. Klabbers [et al.].
246 -Wariant tytułu [3,0]
    • a
    • Tytuł (NP)
    • The North American Simulation and Gaming Association training activity book
260 -Strefa adresu wydawniczego [ , ]
    • a
    • Miejsce wydania (P)
    • San Francisco :
    • b
    • Nazwa wydawcy (P)
    • Pfeiffer,
    • c
    • Data wydania (P)
    • cop. 2012.
300 -Strefa opisu fizycznego [ , ]
    • a
    • Określenie formy książki i/lub objętość (NP)
    • XVI, 367 s. :
    • b
    • Oznaczenie ilustracji (NP)
    • il. ;
    • c
    • Format (NP)
    • 24 cm.
490 -Strefa serii i książki wielotomowej - forma nie do wyszukiwania [1, ]
    • a
    • Tytuł (P)
    • Pfeiffer Essential Resources for Training and HR Professionals Find
830 -Hasło dodatkowe serii i opisu książki wielotomowej - tytuł ujednolicony/tytuł [ ,0]
    • 9
    • KHW
    • 70799
    • a
    • Tytuł ujednolicony/tytuł (NP)
    • Pfeiffer Essential Resources for Training and HR Professionals
080 -Uniwersalna Klasyfikacja Dziesiętna [ , ]
    • 2
    • Identyfikator wydania tablic
    • UDC-P058
    • 9
    • UKD
    • 3046
    • a
    • Symbol klasyfikacji
    • 331.36
    • b
    • Dopowiedzenie
    • Kształcenie pracowników w przedsiębiorstwie. Szkoły przyzakładowe. Szkolenie wewnątrzzakładowe. Dokształcanie zawodowe i przekwalifikowanie. Praktyki w zakładach pracy.
    • 4
    • UKD2
    • 8594
    • x
    • Poddział wspólny
    • (07)
    • c
    • Dopowiedzenie poddz. wspólnego
    • (Wydawnictwa dydaktyczne. Podręczniki).
    • 4
    • UKD2
    • 7644
    • x
    • Poddział wspólny
    • =111
    • c
    • Dopowiedzenie poddz. wspólnego
    • =Język angielski.
980 -Symbol UKD [ , ]
    • a
    • UKD
    • 331.36(07)=111
700 -Hasło dodatkowe - nazwa osobowa [1, ]
    • 9
    • KHW
    • 70797
    • a
    • Nazwa osobowa (NP)
    • Blohm, Judith M. Find
    • e
    • Określenie rodzaju współpracy
    • Red.
700 -Hasło dodatkowe - nazwa osobowa [1, ]
    • 9
    • KHW
    • 70798
    • a
    • Nazwa osobowa (NP)
    • Klabbers, Jan H. G. Find
    • e
    • Określenie rodzaju współpracy
    • Red.
920 -ISBN [ , ]
    • a
    • ISBN
    • 978-0-470-60709-1 Find
920 -ISBN [ , ]
    • a
    • ISBN
    • 978-1-118-32996-2 (ebk.) Find
920 -ISBN [ , ]
    • a
    • ISBN
    • 978-1-118-33223-8 (ebk.) Find
920 -ISBN [ , ]
    • a
    • ISBN
    • 978-1-118-33272-6 (ebk.) Find
Numer inwentarzowy Status udost. Data inwentaryzacji Lokalizacja
T.15537-22014-03-24T